|
|
|
|
| LEADER |
00000nam a2200000 a 4500 |
| 001 |
vtls001468820 |
| 003 |
SK-MaSNL |
| 005 |
20260302002750.0 |
| 008 |
251113s2003 US a 0 eng |
| 035 |
|
|
|a SNK000424125
|
| 040 |
|
|
|a SNK
|b slo
|c SNK
|e AACR2
|
| 044 |
|
|
|a US
|
| 072 |
|
7 |
|a 821.111.09
|x Anglická literatúra, anglicky písaná (o nej)
|2 konspekt
|
| 080 |
|
|
|a 7.04:82
|2 1981
|
| 080 |
|
|
|a 821(410)-1
|2 1981
|
| 080 |
|
|
|a 821.111-1
|2 1981
|
| 080 |
|
|
|a 82.09
|2 1981
|
| 080 |
|
|
|a 94(100)"1914/1918"
|2 1981
|
| 080 |
|
|
|a (048.8)
|2 1981
|
| 100 |
1 |
|
|a Coffman, Matthew D.
|4 aut
|9 640575
|
| 245 |
1 |
0 |
|a Dark matters: death, language, and human limitation in british first world war poetry
|c by Matthew D. Coffman
|
| 250 |
|
|
|a [1st ed.]
|
| 260 |
|
|
|a Stanford
|b Humanities Honors Program, Stanford University
|c 2003
|
| 300 |
|
|
|a 83 s.
|b ilustr.
|c 22 cm
|
| 490 |
1 |
|
|a Stanford honors essay in humanities
|v nr. 47
|
| 648 |
|
7 |
|a 20. stor.
|2 SNKPH
|9 275975
|
| 650 |
0 |
7 |
|a literárne námety
|2 SNKPH
|9 2886
|
| 650 |
0 |
7 |
|a anglická poézia
|2 SNKPH
|9 1176
|
| 650 |
0 |
7 |
|a anglicky písaná poézia
|2 SNKPH
|9 97562
|
| 650 |
0 |
7 |
|a literárnovedné rozbory
|2 SNK
|9 241582
|
| 650 |
0 |
7 |
|a prvá svetová vojna (1914-1918)
|2 SNKPH
|9 162650
|
| 655 |
|
7 |
|a štúdie
|2 SNKPH
|9 57033
|
| 830 |
|
0 |
|a Stanford honors essay in humanities
|9 466816
|
| 999 |
|
|
|c 989263
|d 991193
|
| 952 |
|
|
|a SNK
|b SNK
|y VYP
|7 0
|p 17A0420417
|o snkIC 131238
|i snkV 436/2004
|8 2
|g 4.32
|0 0
|1 0
|4 0
|d 2004-02-18
|l 0
|r 2005-01-02 00:00:00
|w 2026-02-24
|